St. Crispin's Day Speech Quiz Stats

Quiz not verified by Sporcle

Challenge
Share
Tweet
Embed
Score 0/261 Timer 10:00
0 Plays Today
% Correct
a
95.4%
We
94.7%
we
94.7%
We
94.7%
we
94.7%
we
94.7%
the
94.5%
the
94.5%
the
94.5%
the
94.5%
the
94.5%
the
94.5%
the
94.5%
I
94.3%
of
93.1%
of
93.1%
of
93.1%
of
93.1%
Saint
92.9%
Saint
92.9%
day
92.8%
day,
92.8%
day
92.8%
day,
92.8%
day.'
92.8%
day:
92.8%
day
92.8%
day
92.8%
Day.
92.8%
he
92.2%
be
92.2%
He
92.2%
He
92.2%
he
92.2%
be
92.2%
he
92.2%
Be
92.2%
be
92.2%
he
92.2%
be
92.2%
be
92.2%
he
92.2%
Crispian:
91.4%
Crispian.
91.4%
Crispian.
91.4%
Crispin
91.4%
Crispian
91.4%
to
90.7%
to
90.7%
to
90.7%
for
90.5%
For
90.5%
that
90.4%
That
90.4%
that
90.4%
that
90.4%
that
90.4%
that
90.4%
That
90.4%
this
89.9%
This
89.9%
this
89.9%
this
89.9%
this
89.9%
This
89.9%
this
89.9%
This
89.9%
me
89.6%
And
89.5%
and
89.5%
And
89.5%
and
89.5%
And
89.5%
and
89.5%
And
89.5%
and
89.5%
and
89.5%
and
89.5%
And
89.5%
And
89.5%
And
89.5%
shall
89.4%
shall
89.4%
shall
89.4%
shall
89.4%
shall
89.4%
shall
89.4%
% Correct
shall
89.4%
Shall
89.4%
shall
89.4%
Shall
89.4%
no
88.9%
on
88.9%
on
88.9%
brother;
88.1%
few,
87.5%
few,
87.5%
with
87.4%
with
87.4%
with
87.4%
with
87.4%
in
87.2%
in
87.2%
in
87.2%
in
87.2%
in
87.2%
his
86.8%
his
86.8%
his
86.8%
his
86.8%
his
86.8%
his
86.8%
his
86.8%
his
86.8%
his
86.8%
his
86.8%
band
86.4%
happy
85.7%
brothers;
85.5%
Crispin's
85.5%
Crispin's
85.5%
not
84.6%
not
84.6%
man
84.5%
fight,
83.8%
is
83.8%
is
83.8%
is
83.8%
my
83.8%
so
83.3%
Will
82.7%
Will
82.7%
will
82.7%
us.
80.5%
us
80.5%
feast
80.3%
feast
80.3%
men
79.1%
go
78.5%
remember
77.5%
him
76.7%
him
76.7%
their
76.7%
England
76.7%
their
76.7%
say
76.1%
say
76.1%
a-bed
75.6%
die
75.4%
die
75.4%
they
75.1%
hath
75.1%
blood
74.8%
ne'er
74.8%
ne'er
74.8%
here,
74.4%
were
73.3%
'These
73.1%
fought
73%
King,
72.9%
scars.
72.3%
Let
72.2%
sheds
72.1%
show
71.2%
remember'd.
71.1%
remember'd-
71.1%
But
70.8%
But
70.8%
now
70.8%
it
70.3%
wounds
70%
Then
70%
then
70%
would
69.9%
% Correct
stomach
69.7%
Harry
69.7%
live
69.1%
sleeve
69.1%
name
69%
when
69%
gentle
68.8%
old
68.7%
Old
68.7%
to-day
68.5%
all
68.4%
had
67.7%
hold
67.7%
From
67.6%
cheap
67.4%
vile,
67.2%
called
67%
What
66.6%
company
66.6%
manhoods
66.5%
upon
65.9%
purse:
65.9%
world,
65.8%
passport
65.8%
man's
65.3%
forget:
65.3%
themselves
65.2%
depart;
65.1%
gentlemen
65.1%
stand
64.9%
our
64.8%
forgot,
64.1%
which
64%
made
64%
as
64%
home,
64%
think
63.2%
by,
63.2%
at
63.1%
Exeter,
62.8%
son:
62.5%
did
62.3%
'To-morrow'
62.2%
condition:
62.2%
accursed
62.2%
crowns
62%
ending
62%
into
61.4%
put
61.2%
Gloucester-
60.7%
outlives
60.3%
names,
60.2%
any
60%
yet
60%
strip
59.9%
vigil
59.4%
neighbours
59.3%
cups
59.2%
tip-toe
58.9%
safe
58.4%
convoy
58.4%
yearly
57.8%
good
57.8%
feats
57.8%
comes
57.6%
Bedford
57.3%
see
57.3%
age,
56.2%
mouth
56%
whiles
56%
household
55.6%
named,
55.6%
speaks
55.3%
flowing
55.2%
Warwick
55%
fears
54.8%
story
54.8%
advantages
54.5%
Salisbury
54.4%
rouse
54.1%
words,
54%
freshly
53.5%
teach
53.5%
he'll
53.3%
fellowship
53.2%
Talbot,
52.6%
Familiar
52.2%

You're not logged in!

Compare scores with friends on all Sporcle quizzes.
Sign Up with Email
OR
Log In

You Might Also Like...

Show Comments

Extras

Top Quizzes Today


Score Distribution

Your Account Isn't Verified!

In order to create a playlist on Sporcle, you need to verify the email address you used during registration. Go to your Sporcle Settings to finish the process.